|
|
|
|
| LEADER |
02721nim a2200757 i 4500 |
| 001 |
001881911 |
| 003 |
CZ BrMZK |
| 005 |
20240328132218.0 |
| 007 |
sd fungnnmmned |
| 008 |
240109t20232023xr nnnng fa n cze |
| 015 |
|
|
|a cnb003579740
|
| 024 |
3 |
|
|a 8595693406892
|
| 040 |
|
|
|a BOA001
|b cze
|e rda
|
| 041 |
1 |
|
|d cze
|h eng
|
| 043 |
|
|
|a e-uk-en
|a e-gr---
|
| 045 |
|
|
|a x3x4
|
| 072 |
|
7 |
|a 821.111-3
|x Anglická próza, anglicky psaná
|2 Konspekt
|9 25
|
| 072 |
|
7 |
|a 929
|x Biografie
|2 Konspekt
|9 8
|
| 080 |
|
|
|a 821.111-32
|2 MRF
|
| 080 |
|
|
|a 59-051
|2 MRF
|
| 080 |
|
|
|a 913:910.4
|2 MRF
|
| 080 |
|
|
|a 929
|2 MRF
|
| 080 |
|
|
|a (410.1)
|2 MRF
|
| 080 |
|
|
|a (495)
|2 MRF
|
| 080 |
|
|
|a (0:82-322.6)
|2 MRF
|
| 080 |
|
|
|a (086.7)08
|2 MRF
|
| 080 |
|
|
|a (086.76)
|2 MRF
|
| 100 |
1 |
|
|a Durrell, Gerald Malcolm,
|d 1925-1995
|7 jn19981000804
|4 aut
|
| 240 |
1 |
0 |
|a Garden of the gods.
|l Česky
|7 aun2009515901
|
| 245 |
1 |
0 |
|a Zahrada bohů /
|c Gerald Durrell ; z anglického originálu Garden of the gods přeložil Gerik Císař
|
| 264 |
|
1 |
|a [Praha] :
|b Tympanum, s.r.o.,
|c 2023
|
| 264 |
|
4 |
|c ℗2023
|
| 300 |
|
|
|a 1 audiodisk (8 hod., 25 min.) ;
|c 12 cm
|
| 306 |
|
|
|a 082500
|
| 336 |
|
|
|a mluvené slovo
|b spw
|2 rdacontent
|
| 337 |
|
|
|a audio
|b s
|2 rdamedia
|
| 338 |
|
|
|a audiodisk
|b sd
|2 rdacarrier
|
| 344 |
|
|
|a digital
|b optical
|2 rda
|
| 347 |
|
|
|a audio soubor
|b MP3
|2 rda
|
| 500 |
|
|
|a Název z disku
|
| 500 |
|
|
|a Nezkrácená verze na 1 mp3 CD
|
| 500 |
|
|
|a Podle stejnojmenné knihy vydané nakladatelstvím BB art v roce 1996
|
| 511 |
0 |
|
|a Čte Jan Vondráček
|
| 600 |
1 |
7 |
|a Durrell, Gerald Malcolm,
|d 1925-1995
|7 jn19981000804
|2 czenas
|
| 648 |
|
7 |
|a 20. století
|7 ch460558
|
| 648 |
|
4 |
|a 1935-1940
|
| 650 |
0 |
7 |
|a zoologové
|7 ph127668
|z Anglie
|y 20. století
|2 czenas
|
| 650 |
0 |
7 |
|a cesty a pobyt
|7 ph137578
|z Řecko
|2 czenas
|
| 650 |
0 |
9 |
|a zoologists
|z England
|y 20th century
|2 eczenas
|
| 650 |
0 |
9 |
|a travels and stays
|z Greece
|2 eczenas
|
| 651 |
|
7 |
|a Korfu (Řecko : ostrov)
|7 ge138038
|2 czenas
|
| 651 |
|
9 |
|a Kerkyra Island (Greece)
|2 eczenas
|
| 655 |
|
7 |
|a anglické příběhy
|7 fd131813
|2 czenas
|
| 655 |
|
7 |
|a autobiografické příběhy
|7 fd131891
|2 czenas
|
| 655 |
|
7 |
|a audioknihy
|7 fd119452
|2 czenas
|
| 655 |
|
7 |
|a kompaktní disky
|7 fd201991
|2 czenas
|
| 655 |
|
9 |
|a English stories
|2 eczenas
|
| 655 |
|
9 |
|a autobiographical stories
|2 eczenas
|
| 655 |
|
9 |
|a audiobooks
|2 eczenas
|
| 655 |
|
9 |
|a compact discs
|2 eczenas
|
| 700 |
1 |
|
|a Císař, Gerik,
|d 1933-2022
|7 jk01020764
|4 trl
|
| 700 |
1 |
|
|a Vondráček, Jan,
|d 1966-
|7 jx20040723030
|4 nrt
|
| 910 |
|
|
|a BOA001
|b CDR-1517.670
|
| 990 |
|
|
|a AV
|
| 991 |
|
|
|b 202403
|c NOV
|
| 996 |
6 |
|
|b 2610958461
|c CDR-1517.670
|l MZK
|r Sklad / do 24 hodin
|n 1
|p p.v.
|w 001949406
|u 000010
|a 1
|e BOA001
|j MZK50
|s P
|